| 000 | 00552nam a22002057a 4500 | ||
|---|---|---|---|
| 003 | OSt | ||
| 005 | 20140310181957.0 | ||
| 008 | 130727t xxu||||| |||| 00| 0 eng d | ||
| 020 | _a9715900372 | ||
| 050 |
_aHQ 793 _b.G146 1994 |
||
| 082 |
_aFIL 305.23 _bG131 1994 |
||
| 245 |
_aWatch your steps : guys and gals _cGalang, Ricardo C. |
||
| 260 |
_aPasay City : _b Daughters of St. Paul, _c1994. |
||
| 300 |
_a129p. ; _c18 cm. |
||
| 520 | _a1. Youth 2. Teenagers | ||
| 521 | _a | ||
| 541 | _j1 | ||
| 562 | _e1 | ||
| 942 |
_2lcc _cBK-FIL _kFIL |
||
| 999 |
_c7946 _d7946 |
||